Multiple Film Actors # 3 - Statistics

General Stats
  • This quiz has been taken 25 times
  • The average score is 5 of 15
Answer Stats
Hint Answer % Correct
Jumanji || Night at the Museum Robin Williams
83%
Green Book || Lord of the Rings: The Return of the King Viggo Mortensen
58%
Inglourious Basterds || Spectre Christoph Waltz
54%
Deja Vu || The Manchurian Candidate Denzel Washington
46%
The Dark Knight || Donnie Darko Maggie Gyllenhaal
46%
The Prestige || Jojo Rabbit Scarlett Johansson
42%
Interstellar || Brokeback Mountain Anne Hathaway
38%
Catch Me If You Can || Pulp Fiction Christopher Walken
33%
The Big Short || The Wolf of Wall Street Margot Robbie
33%
Casino Royale || Rogue One Mads Mikkelsen
29%
The Big Lebowski || The Talented Mr. Ripley Philip Seymour Hoffman
25%
Prisoners || Little Miss Sunshine Paul Dano
17%
Inglourious Basterds || Spectre Lea Seydoux
13%
The Lion King || The Pink Panther Beyonce
8%
The French Dispatch || Almost Famous Frances McDormand
8%
No matching quizzes found
Score Distribution
Percent of People with Each Score
Percentile by Number Answered
Your Score History
You have not taken this quiz